| 000 | 00779nam a2200193Ii 4500 | ||
|---|---|---|---|
| 003 | JO-AjNU | ||
| 008 | 230605s9999||||xx |||||||||||||| ||und|| | ||
| 040 |
_aJO-AjNU _bara _erda _cJO-AjNU |
||
| 041 | _aara | ||
| 050 | 1 | 4 | _aBF128 |
| 100 | 3 |
_aهادفيلد، ج.أ ؛ ترجمة: محمد عبد الحميد أبو العزم ؛ مراجعة: عبد العزيز القوصي, _eauthor _99790 |
|
| 245 | 0 | 0 | _aعلم النفس والأخلاق: تحليل نفسي للخلق |
| 264 | 3 | 1 | _aالقاهرة: مكتبة مصر، د.ت |
| 300 |
_a257ص _bفهرس المصطلحات ص 241-257 |
||
| 336 |
_atext _btxt _2rdacontent |
||
| 337 |
_aunmediated _bn _2rdamedia |
||
| 338 |
_avolume _bnc _2rdacarrier |
||
| 650 | 4 |
_aعلم النفس- اخلاق- سيكولوجية _99791 |
|
| 999 |
_aA1479 _c5047 _d5047 |
||